Organizace a organizování v systémech řízení monografie pro postgraduální studium

Saved in:
Bibliographic Details
Main Author: Smola, Stanislav
Corporate Author: Vysoká škola ekonomická v Praze. Fakulta řízení
Other Authors: Tóth, Endre
Format: Book
Language:Czech
Published: Praha Státní pedagogické nakladatelství 1982
Tags: Add Tag
No Tags, Be the first to tag this record!

MARC

LEADER 00000nam a2200000 4500
001 c131591
005 20190201122520.7
041 0 |a cze 
044 |a CZ 
245 1 0 |a Organizace a organizování v systémech řízení  |b monografie pro postgraduální studium  |c Stanislav Smola, Endre Tóth 
264 1 |a Praha  |b Státní pedagogické nakladatelství  |c 1982 
300 |a 154 s. 
100 1 |a Smola, Stanislav 
700 1 |a Tóth, Endre 
710 2 |a Vysoká škola ekonomická v Praze. Fakulta řízení